[Event "North American-ch Juniors Open U20 2020"]
[Site "Charlotte"]
[Date "2020.12.21"]
[Round "4.10"]
[White "Liang, Dustin"]
[Black "Park, Evan"]
[Result "*"]
[WhiteElo "1960"]
[BlackElo "2173"]
[Annotator "TA"]
[PlyCount "50"]
[EventDate "2020.12.06"]
[EventType "swiss"]
[EventCountry "USA"]
[SourceTitle "playchess.com"]
[Source "ChessBase"]
[SourceQuality "1"]

{[%evp 10,50,12,1,8,8,14,-4,-3,-8,21,-3,0,-74,-82,-74,-83,-72,-75,-106,-95,-91,-94,-97,-99,-129,-135,-187,-178,-304,-302,-305,-313,-649,-622,-418,-135,-212,-204,-191,-193,-174,-192]} 1. e4 e5 2. Nf3 Nc6 3. Bc4 Nf6 4. d3 h6 5. Nc3 Bc5 6. h3 a6 {outshines the older 6...d6. C50: Hungarian Defence and Giuoco Pianissimo.} 7. Be3 d6 8. Qd2 Bxe3 {The position is equal.} 9. Qxe3 {[#]} Na5 $146 ({Predecessor:} 9... Ne7 10. a4 Ng6 11. O-O O-O 12. Ne2 c6 13. Ng3 Re8 14. Rfe1 Bd7 15. Rad1 d5 {0-1 (63) Dajcman,N (1299)-Florjancic,R (1839) Ptuj 2015}) 10. Bb3 O-O 11. d4 (11. g4 $11) 11... exd4 $17 12. Qxd4 {[#]} b5 $1 {[%cal Bb7b5,Bb5b4][%mdl 32] aiming for ...c5.} 13. Qd3 b4 14. Ne2 Nxb3 15. axb3 Bb7 16. Nd2 Re8 {[%cal Rf6e4]} 17. f3 d5 {[%cal Rd5e4]} 18. Ng3 (18. O-O $17 {might work better.}) 18... dxe4 $19 19. Ndxe4 (19. Qxd8 $142 Raxd8 20. O-O-O) 19... Nxe4 20. fxe4 {[#]} Bxe4 $1 {[%mdl 512]} 21. Nxe4 $2 (21. Qxd8 Raxd8 22. Nxe4) 21... Qh4+ {[%mdl 64] Double Attack} 22. g3 Qxe4+ $2 (22... Rxe4+ $19 23. Kf2 Qf6+ 24. Qf3 Qd4+ 25. Kf1 Rd8) 23. Kf2 (23. Qxe4 $17 Rxe4+ 24. Kd2) 23... Qxd3 24. cxd3 Rad8 25. Rad1 Rd6 {White got outplayed after the opening. Accuracy: White = 45%, Black = 81%.} *

[Event "North American-ch Juniors Open U20 2020"]
[Site "Charlotte"]
[Date "2020.12.21"]
[Round "5.1"]
[White "Venkat, Raghav"]
[Black "Liang, Jason"]
[Result "0-1"]
[WhiteElo "2167"]
[BlackElo "2317"]
[Annotator "TA"]
[PlyCount "102"]
[EventDate "2020.12.06"]
[EventType "swiss"]
[EventCountry "USA"]
[SourceTitle "playchess.com"]
[Source "ChessBase"]
[SourceQuality "1"]

{[%evp 14,102,19,25,23,-22,45,37,39,33,41,26,26,-74,-4,-34,-29,-38,-37,-37,-35,-31,-31,-53,-54,-56,-51,-51,-50,-54,-52,-52,-31,-30,-41,-38,-37,-46,-30,-43,-25,-30,-20,-20,-6,-8,-8,-9,-11,-20,-18,-27,-20,-31,-31,-31,-33,-49,-47,-93,-94,-102,-94,-140,-140,-141,-141,-351,-363,-585,-587,-583,-581,-560,-553,-553,-546,-535,-531,-512,-512,-495,-435,-497,-483,-1546,-1228,-7070,-6546,-4627,-4627]} 1. e4 {Gofshtein,L} c5 2. Nf3 d6 3. d4 cxd4 4. Qxd4 Nf6 5. Nc3 a6 6. Bg5 Nc6 7. Qd2 e6 8. O-O-O h6 {B53: Sicilian: 2...d6: Lines with Qxd4.} 9. Bxf6 gxf6 (9... Qxf6 $11 10. h4 Qd8) 10. Nd4 Bd7 {White is slightly better.} 11. f4 h5 {[#]} 12. g3 $146 ({Predecessor:} 12. Kb1 Qb6 13. Nb3 O-O-O 14. Be2 h4 15. Rhf1 Be7 16. Rf3 Kb8 17. a3 {½-½ (40) Pavlovic,M (2475)-Markovic,M (2509) Kopaonik 2005 CBM 107 [Gofshtein,L]}) 12... Qb6 13. Na4 (13. Nb3 $11) 13... Qa7 (13... Qxd4 $17 14. Qxd4 Nxd4) 14. Bg2 Nxd4 15. Qxd4 Qxd4 16. Rxd4 Bc6 17. Nb6 Rd8 18. Rhd1 h4 19. Nc4 hxg3 20. hxg3 Rg8 21. R1d3 ({Much weaker is} 21. Nxd6+ Bxd6 22. Rxd6 Rxd6 $17) 21... f5 {aiming for ...Bxe4.} 22. Na5 $1 Bxe4 23. Bxe4 fxe4 24. Rxe4 d5 25. Re2 b6 26. Nc6 Rc8 27. Nd4 Bc5 28. f5 Bxd4 29. Rxd4 $11 {[%mdl 4096] Endgame KRR-KRR} Kd7 30. fxe6+ fxe6 31. Rd3 Kd6 32. Rde3 Rg6 33. Rb3 Rc6 34. Rbe3 b5 35. Kd2 a5 {[%cal Ba6a5,Ba5a4][%mdl 32]} 36. Re5 Rc4 37. R2e3 Rcg4 38. a3 a4 39. c3 Rh6 ({Reject} 39... Rxg3 $6 40. Rxe6+ $1 {[%mdl 512]} Rxe6 41. Rxg3 $11) 40. Ke2 $2 {[#] This move loses the game for White.} (40. b3 $17) 40... Rxg3 $1 $19 {[%mdl 512]} 41. Rxd5+ $2 (41. Rxg3 {is the only way for White.} Kxe5 42. Kd1) 41... Kxd5 {Black is clearly winning.} ({Not} 41... exd5 42. Rxg3 Rh2+ 43. Kd3 $17) 42. Rxg3 {KR-KR} Rh2+ 43. Kd3 Rxb2 44. Rg8 {[#]} Rb3 $1 {[%cal Rb3a3]} 45. Rd8+ Kc6 46. Rc8+ Kd6 47. Rb8 Kc7 48. Re8 Rxa3 49. Rxe6 (49. Kd4 $142 Kd7 50. Ra8) 49... b4 $1 {[%cal Bb5b4,Bb4b3,Bb3b2][%mdl 32]} 50. Kc4 {[#]} b3 $1 {[%cal Rb3b2]} 51. Re1 b2 {Weighted Error Value: White=0.52/Black=0.09} 0-1

[Event "North American-ch Juniors Open U20 2020"]
[Site "Charlotte"]
[Date "2020.12.21"]
[Round "5.2"]
[White "Wu, Derek"]
[Black "Paul, Justin"]
[Result "1-0"]
[WhiteElo "2106"]
[BlackElo "2267"]
[Annotator "TA"]
[PlyCount "153"]
[EventDate "2020.12.06"]
[EventType "swiss"]
[EventCountry "USA"]
[SourceTitle "playchess.com"]
[Source "ChessBase"]
[SourceQuality "1"]

{[%evp 9,153,-5,10,-14,-26,-25,-10,-47,-46,-49,-33,-58,-66,-111,-108,-105,-99,-106,-104,-95,-86,-90,-76,-79,-71,-73,-53,-57,-53,-58,-45,-165,-131,-180,-140,-146,-137,-139,-141,-158,-106,-128,-133,-154,-74,-120,0,0,0,0,0,0,12,18,13,0,0,0,45,53,45,45,45,45,53,0,72,58,87,107,216,191,178,176,398,269,447,461,466,466,461,452,529,531,518,515,491,407,674,673,665,620,648,491,483,479,427,337,533,560,525,545,605,597,689,688,671,659,717,679,4134,4134,1315,860,856,721,29973,1310,1129,855,29995,29981,29987,29977,29977,29978,29978,29971,29971,29972,29971,29973,29973,29974,29974,29975,29975,29976,29977,29978,29977,29978,29978,29979,29983,29984]} 1. d4 Nf6 2. Bg5 d5 3. Nd2 e6 4. e3 c5 5. c3 Nc6 6. f4 {D00: 1 d4 d5: Unusual lines.} Qb6 7. Rb1 Ne4 8. Nxe4 {The position is equal.} dxe4 9. d5 Ne7 {[#]} 10. dxe6 $146 ({Predecessor:} 10. Bc4 f6 11. Bh4 exd5 12. Bxd5 Nxd5 13. Qxd5 Qe6 14. Qh5+ g6 15. Qd1 Bd7 16. Qb3 Qxb3 17. axb3 {½-½ (50) Buendgen,A (2214)-Schippers,M (2209) Netherlands 2014}) 10... Bxe6 11. Qa4+ Bd7 $1 {[%cal Rd7a4]} 12. Qc2 f6 13. Bh4 O-O-O 14. Bc4 Be6 15. Bxe6+ Qxe6 16. Ne2 Nf5 17. Bf2 Rd3 18. O-O Be7 19. Rbd1 Rhd8 20. c4 (20. Nc1 $1 $15 Rxd1 21. Rxd1) 20... R8d6 21. Qa4 Rxd1 ({Resist} 21... Nxe3 22. Bxe3 Rxe3 23. Nc3 $15) 22. Rxd1 Qxc4 23. Qe8+ {[#]} (23. Qxc4 $2 {too greedy.} Rxd1+ 24. Be1 Rxe1+ 25. Kf2 Rf1+ $1 {[%mdl 512]} 26. Kxf1 Nxe3+ 27. Kf2 Nxc4 $19) 23... Bd8 $1 24. Re1 Ne7 ({Don't take} 24... Qxa2 25. Qxe4 g6 26. Qc2 $15) (24... Rd2 $142 25. b3 Qd5) 25. f5 Nxf5 26. Qh5 g5 (26... Nh6 $142 27. Bg3 Rd2) 27. Rc1 Ng7 ({Black should play} 27... Qxa2 $17 28. Qxh7 Qd5) 28. Qh3+ $11 Qe6 29. Qxh7 Qd7 {Threatens to win with ...Rd1+.} 30. Rxc5+ Rc6 31. Rxc6+ bxc6 32. Nc3 f5 33. Qg6 Ba5 {Strongly threatening ...Bxc3.} 34. h3 Bd8 $1 35. Bg3 Ne8 36. Be5 Nc7 $1 37. Bd4 (37. Kf2 $14) 37... Qe6 (37... Nd5 $11) 38. Qh7 $16 Bf6 39. Ne2 c5 (39... Nd5 $16 {was necessary.}) 40. Bxc5 Bxb2 41. Bxa7 $40 {[%mdl 128] Black is in trouble.} Qa6 $2 (41... Nd5 {is a better defense.} 42. Ng3 Ne7) 42. Qg8+ {[%mdl 64] Double Attack} Kb7 $2 (42... Kd7) 43. Qb8+ $18 Kc6 44. Qxb2 Qxa7 45. Nd4+ Kd7 46. Nxf5 Ke6 47. Nd4+ Kd7 48. Qb3 Qa6 (48... Qc5 $142 49. Qf7+ Kc8) 49. Qf7+ Kc8 50. Qf5+ Kb8 51. Qxe4 Qxa2 52. Nc6+ Kc8 53. Qf5+ Kb7 (53... Qe6 $142 54. Qf8+ Qe8) 54. Nd8+ Kb8 55. Qxg5 Qc4 56. Qf4 Qc1+ 57. Kh2 Kc8 58. Nf7 Ne6 59. Qe5 Nc5 60. Nd6+ Kd7 61. Ne4 Nb7 62. Qd4+ Ke8 63. Nf6+ (63. Qg7 $142 Qc6 {[#]} 64. Qxb7 $3 {[%mdl 512]} Qg6 65. h4 Qh6 66. Qb8+ Kf7 67. Nd6+ Kg6 68. Qg8+ Kf6 69. Qd8+ Ke6 70. Qc8+ Kf6 71. Qd8+ Ke6 72. Ne4) 63... Kf7 64. Qd7+ Kf8 65. Nh7+ {White mates.} Kg8 66. Qxb7 Qxe3 67. Nf6+ Kf8 68. Qf3 Qe5+ 69. Kg1 Qd4+ 70. Qf2 Qa1+ 71. Qf1 Qd4+ 72. Kh1 Ke7 73. Ng4 Qb4 74. Qf6+ Ke8 75. Kh2 Qd2 76. Qe6+ Kf8 77. Qh6+ {Quite a comeback for White. Accuracy: White = 69%, Black = 50%.} 1-0

[Event "North American-ch Juniors Open U20 2020"]
[Site "Charlotte"]
[Date "2020.12.21"]
[Round "5.3"]
[White "Chasin, Nico"]
[Black "Vivekananthan, Anish"]
[Result "1-0"]
[WhiteElo "2303"]
[BlackElo "2305"]
[Annotator "TA"]
[PlyCount "111"]
[EventDate "2020.12.06"]
[EventType "swiss"]
[EventCountry "USA"]
[SourceTitle "playchess.com"]
[Source "ChessBase"]
[SourceQuality "1"]

{[%evp 11,111,17,23,7,7,-23,-27,-59,22,0,0,0,0,0,27,27,31,-26,8,2,2,7,0,5,20,20,30,22,23,27,35,0,31,0,22,29,28,26,19,37,35,19,20,-12,-6,-54,27,14,22,11,61,78,83,60,95,40,86,79,70,69,133,137,129,127,139,79,63,0,0,0,53,57,102,104,113,104,131,75,207,92,149,95,141,100,100,101,104,104,100,105,148,139,230,163,325,334,311,297,676,450,416,351]} 1. e4 c6 2. d4 d5 3. exd5 cxd5 4. Bd3 Nc6 5. c3 Nf6 6. h3 g6 7. Qc2 {B13: Caro-Kann: Exchange Variation and Panov-Botvinnik Attack.} Bg7 8. Bf4 O-O 9. Nf3 {Black has an edge.} Bd7 (9... Nh5 $15 10. Bh2 Bh6) 10. Nbd2 Rc8 {[#]} 11. Qb3 $146 ({Predecessor:} 11. Qb1 Na5 12. Ne5 Qb6 13. a4 Bf5 14. O-O Bxd3 15. Nxd3 Nd7 16. Re1 e6 17. Nf3 {0-1 (37) Garro Beraza,H (1918)-Juez Villar,E (1782) Eibar 2007}) 11... Na5 12. Qb4 b6 13. Ba6 Ra8 14. Qa3 (14. O-O $14) 14... Bc8 15. Bb5 a6 {...Nh5 is the strong threat.} 16. Be2 Bb7 17. O-O Nc4 18. Qb3 Nd6 19. Ne5 Rc8 20. Rfe1 Re8 21. Bf3 Bf8 22. g4 Bg7 23. g5 Nfe4 24. Nxe4 dxe4 25. Bg2 Rf8 26. Ng4 Kh8 27. d5 Rc5 28. Ne3 b5 (28... e5 $15 29. Bg3 Nf5) 29. Rad1 a5 30. a4 Qd7 31. axb5 Rxb5 32. Qa4 Rd8 33. Rd2 (33. c4 $16 Rc5 34. Qxd7 Rxd7 35. b3) 33... Kg8 34. Bxd6 exd6 35. Qxe4 h5 (35... Re8 $14 36. Qa4 Bc8) 36. gxh6 $1 $16 Bxh6 37. Qh4 Bg7 38. Rde2 (38. Bf1 $142 Rb3 39. Ng4) 38... Re8 39. Qa4 ({Better is} 39. Bf3 $14) 39... Bc8 $1 $11 40. Qf4 Be5 ({Black should try} 40... Ba6 $11) 41. Qh4 $36 {[%mdl 2048] Threatens to win with Ng4. White is pushing.} Qd8 42. Qxd8 Rxd8 {[#]} 43. Nc4 $1 Kf8 44. Ra1 (44. Nxe5 $142 dxe5 45. Ra1 (45. Rxe5 Rxb2 46. Ra1 Rc2 $16)) 44... Bf4 (44... Bf5 $16 {was called for.}) 45. Rxa5 (45. Nxa5 $18 {and the rest is easy.} Kg7 46. c4) 45... Bd7 (45... Rxa5 $142 46. Nxa5 Bf5) 46. Re4 (46. b4 $142) 46... g5 47. Rxb5 Bxb5 48. Ne3 Ra8 49. Bf3 Ra1+ 50. Kg2 f5 {[#]} 51. Rb4 $1 {[%cal Rb4b5]} Bd7 (51... Bd3 $16 {was worth a try.} 52. Rd4 Bxe3 53. fxe3 Bc2) 52. Rb7 Ke8 $2 (52... Bxe3 {is a better defense.} 53. Rxd7 Bf4) 53. Nc2 $18 Rb1 54. Nd4 {aiming for Nc6.} Be5 $2 (54... g4 55. hxg4 fxg4) 55. Bh5+ Kd8 56. Ne6+ {Weighted Error Value: White=0.22/Black=0.36} 1-0

[Event "North American-ch Juniors Open U20 2020"]
[Site "Charlotte"]
[Date "2020.12.21"]
[Round "5.4"]
[White "Park, Evan"]
[Black "Sheng, Joshua"]
[Result "1-0"]
[WhiteElo "2173"]
[BlackElo "2474"]
[Annotator "TA"]
[PlyCount "63"]
[EventDate "2020.12.06"]
[EventType "swiss"]
[EventCountry "USA"]
[SourceTitle "playchess.com"]
[Source "ChessBase"]
[SourceQuality "1"]

{[%evp 15,63,18,17,20,52,29,23,12,18,16,17,18,39,36,45,11,49,34,50,38,33,0,0,0,0,0,59,34,68,62,45,0,59,47,52,38,36,38,321,311,318,310,321,324,422,417,389,403,392,402]} 1. e4 c6 2. d4 d5 3. Nc3 dxe4 4. Nxe4 Nf6 5. Nxf6+ exf6 6. c3 Bd6 7. Bd3 O-O 8. Ne2 Re8 9. Qc2 {B15: Caro-Kann: 3 Nc3: 3...g6 and 3...dxe4 4 Nxe4 Nf6 5 Nxf6+ exf6.} h5 {The main line 9...h5 scores better than 9...h6.} 10. Be3 (10. O-O {looks sharper.} Qc7 11. h3 Be6 12. Bd2 Nd7 13. c4) 10... Be6 11. O-O-O {White has an edge.} Nd7 12. c4 Rc8 13. Kb1 b5 14. c5 Bb8 15. Nf4 {[#]} Bg4 $146 (15... Bxf4 $5 16. Bxf4 (16. Bh7+ Kh8 $17) 16... Nf8 $14) ({Predecessor:} 15... Bxf4 16. Bxf4 Nf8 17. Bd6 Bd5 18. f3 g6 19. Rhe1 f5 20. Qd2 Qh4 21. Be5 Nd7 {½-½ (52) Abrahamyan,T (2358)-Gunina,V (2431) chess.com INT 2020}) 16. Rd2 Bxf4 17. Bxf4 Be6 18. f3 Nf8 19. Bd6 Qa5 20. b3 Bd5 (20... Ng6 $11) 21. Bf5 Rcd8 22. Rhd1 $36 {[%mdl 2048] White has good play.} Re3 23. Rd3 Rde8 (23... Ree8 $11) 24. Rxe3 $14 Rxe3 25. Be4 {Threatens to win with Bxd5.} Rc3 26. Qb2 $1 {And now Bxd5 would win.} Ne6 $2 {[%mdl 8192] Loses the game.} (26... Bxe4+ $14 27. fxe4 Ne6) 27. Bxd5 $18 cxd5 {[#]} 28. Bg3 $1 b4 {[#]} 29. Be1 $1 Nc7 30. Bxc3 bxc3 31. b4 Qa4 32. Qb3 {Weighted Error Value: White=0.08/Black=0.40} 1-0

[Event "North American-ch Juniors Open U20 2020"]
[Site "Charlotte"]
[Date "2020.12.21"]
[Round "5.5"]
[White "Fishbein, Mitch"]
[Black "Sandoval Mercado, Carlos"]
[Result "0-1"]
[WhiteElo "2132"]
[BlackElo "2298"]
[Annotator "TA"]
[PlyCount "86"]
[EventDate "2020.12.06"]
[EventType "swiss"]
[EventCountry "USA"]
[SourceTitle "playchess.com"]
[Source "ChessBase"]
[SourceQuality "1"]

{[%evp 21,86,51,54,54,58,19,56,0,8,18,31,0,6,-18,-23,-33,-25,-16,-3,0,0,-10,-12,-18,12,6,12,20,41,14,24,27,35,31,81,0,79,83,93,41,49,43,72,58,70,41,50,0,0,0,0,0,0,0,129,-92,-101,-100,-103,-1444,-1342,-29992,-29993,-29992,0,0,691]} 1. d4 Nf6 2. c4 g6 3. Nc3 Bg7 4. e4 d6 5. Nf3 O-O 6. Be2 Na6 7. O-O e5 8. Re1 Qe8 9. Bf1 Bg4 10. d5 Nb4 11. Be2 a5 12. h3 {E94: King's Indian: Classical: 6 Be2 e5 7 0-0: Various Black 7th moves.} Bd7 13. Bf1 {[#]} Kh8 $146 ({Predecessor:} 13... Na6 14. Be3 {½-½ (14) Valle,A (2250)-Librelato,K (2187) Brasilia 2019}) 14. g3 (14. b3 $14) 14... Ng8 15. Bg2 f5 16. exf5 gxf5 17. Ng5 h6 18. Ne6 Bxe6 19. dxe6 Rb8 20. Nd5 Na6 21. Bd2 b6 22. Bc3 c6 23. Ne3 Qxe6 24. Bxc6 Nc5 25. Bg2 Qg6 26. Nd5 Rf7 27. Bf3 Rff8 28. Bg2 ({White should try} 28. Qc2 $16) 28... Qf7 (28... Rf7 $11 {remains equal.}) 29. Qc2 $16 Ne7 30. Nxe7 (30. Rad1 $16) 30... Qxe7 $14 31. Rad1 Rbd8 32. b3 Qf7 33. Qe2 e4 34. Bxg7+ (34. Qe3 $5 {[%cal Re3h6]}) 34... Qxg7 35. Rd5 f4 {[#] White must now prevent ...f3.} 36. Qg4 Qc3 37. Red1 e3 (37... Rf6 $11) 38. fxe3 $2 (38. gxf4 $16 exf2+ 39. Kh2) 38... Qxe3+ $17 {[%mdl 64] [#] Double Attack} 39. Kh2 f3 40. Bf1 $2 {[%mdl 8192]} (40. Qg6 $17 fxg2 41. Rf5) 40... Ne4 $19 41. R5d3 Qf2+ {[%mdl 64] Double Attack} 42. Kh1 Nc5 $2 (42... Nxg3+ {mates} 43. Qxg3 Qxg3 44. Rxd6 Rxd6 45. Rxd6 Qxd6 46. h4 Qg3 47. h5 Rg8 48. Bd3 Qh4#) 43. Rd5 {Hoping for Qg6.} Ne4 $2 {[%mdl 40960] Weighted Error Value: White=0.52/Black=0.39. Loss on time!?} ({Wrong is} 43... Qxa2 $2 44. Qg6 $18) (43... Rf6 $11) 0-1

[Event "North American-ch Juniors Open U20 2020"]
[Site "Charlotte"]
[Date "2020.12.21"]
[Round "5.6"]
[White "Asaria, Danial"]
[Black "Singh, Hersh"]
[Result "1-0"]
[WhiteElo "2284"]
[BlackElo "2112"]
[Annotator "TA"]
[PlyCount "83"]
[EventDate "2020.12.06"]
[EventType "swiss"]
[EventCountry "USA"]
[SourceTitle "playchess.com"]
[Source "ChessBase"]
[SourceQuality "1"]

{[%evp 16,83,18,7,33,38,42,52,67,70,72,60,146,120,135,120,114,0,70,70,75,60,144,147,154,141,134,144,204,158,199,122,122,113,150,71,71,31,66,0,56,41,120,110,115,58,58,25,71,39,245,205,474,473,666,673,760,748,731,664,645,652,636,635,805,789,1106,1060,29970,12261]} 1. d4 d5 2. c4 e6 3. Nc3 Nf6 4. cxd5 exd5 5. Bg5 c6 6. e3 Be7 7. Bd3 Nbd7 {[%cal Bb8d7,Bd7f8,Bf8e6][%mdl 32] The main line 7...Nbd7 scores better than 7...0-0.} 8. Nf3 Nf8 9. O-O Ne6 {D36: Queen's Gambit Declined: Exchange Variation: Main line (5 Bg5 c6 6 Qc2).} 10. Bh4 O-O 11. b4 {[#]} Bxb4 $146 {[#]White is slightly better.} ({Predecessor:} 11... b6 12. Qb3 Bb7 13. a4 Rb8 14. Bf5 g6 15. Bxe6 fxe6 16. Rfc1 Ba8 17. Bg3 Bd6 {1-0 (35) Ghaem Maghami,E (2552)-Mousavi,S (2501) Teheran 2019}) 12. Bxh7+ $1 {[%mdl 512]} Kh8 (12... Nxh7 13. Bxd8) 13. Bc2 Be7 (13... g6 $14) 14. Ne5 $16 {Strongly threatening Bxf6.} g6 15. f4 {aiming for f5.} Ng7 16. g4 ({Better is} 16. Rb1 $16) 16... Nd7 (16... Nxg4 $11 17. Bxe7 Qxe7) 17. Be1 $36 {[%mdl 2048] White has good play.} Nxe5 18. dxe5 f5 (18... Bh4 $1 $14) 19. exf6 $1 $16 Rxf6 20. Qf3 Qd7 {[#]} 21. h3 $1 Qe8 (21... b5 $16) 22. Ne2 Rf8 23. e4 (23. Qg3 $18) 23... dxe4 24. Bxe4 Be6 25. Rb1 (25. Bc3 $142) 25... Qf7 26. Kh1 (26. Bc3 {feels hotter.} Rae8 27. Qf2 b6 28. Bxc6 Rc8 29. Qf3) 26... Bf6 27. Bc3 (27. Bb4 $14) 27... Bxc3 (27... Rae8 $11) 28. Nxc3 $14 (28. Qxc3 Bxa2 29. Rbd1 Rae8 $15) 28... Rad8 (28... Bc4 $14) 29. Qg3 $16 Kg8 30. Rf2 (30. f5 $16 Bc4 31. Rf3 (31. fxg6 Qxf1+ 32. Rxf1 Rxf1+ 33. Kh2 Rd2+ 34. Bg2 Bd3 $11)) 30... Bc4 $1 $14 31. Rbb2 Rd4 32. f5 g5 $2 {This move loses the game for Black.} (32... Qe7 $14) 33. Qe5 Rd7 $2 {[#]} (33... Qf6 34. Qxf6 Rxf6 35. Rxb7 Ne6) 34. f6 $1 $18 {[%mdl 64] Discovered Attack} Re8 (34... Ne6 $142 35. Rb4 Bd3) 35. Qxg5 {[%mdl 64] Pin} Rxe4 36. Nxe4 Qd5 37. Qxd5+ Bxd5 38. Rbe2 Ne6 39. Kh2 Nd4 40. Re3 b5 41. Ng5 {[%cal Re3e8]} Bf7 42. Re7 {Weighted Error Value: White=0.22/Black=0.65} 1-0

[Event "North American-ch Juniors Open U20 2020"]
[Site "Charlotte"]
[Date "2020.12.21"]
[Round "5.7"]
[White "Quiroga Jaquez, Angel Ivan"]
[Black "Oberoi, Shelev"]
[Result "1-0"]
[WhiteElo "2178"]
[BlackElo "2133"]
[Annotator "TA"]
[PlyCount "111"]
[EventDate "2020.12.06"]
[EventType "swiss"]
[EventCountry "USA"]
[SourceTitle "playchess.com"]
[Source "ChessBase"]
[SourceQuality "1"]

{[%evp 9,111,8,17,8,22,19,22,21,27,20,19,21,30,0,0,0,2,0,0,-31,-24,-52,-8,-10,-7,-8,-13,-12,27,-12,-14,-12,21,-18,37,44,30,51,126,129,117,30,192,226,207,195,340,360,288,144,119,0,0,-21,-30,-24,-6,-32,0,0,61,0,0,0,0,0,0,0,1069,614,949,0,0,-196,0,0,12833,12834,3061,1177,0,0,12836,0,0,0,29990,29991,29992,29993,29993,29994,29994,29993,29993,29994,29994,29995,29995,29996,29997,29997,29998,29999]} 1. Nf3 Nf6 2. b3 d5 3. Bb2 Bf5 4. e3 h6 5. d4 e6 6. Bd3 {A06: Réti Opening: 1 Nf3 d5.} Ne4 7. O-O Nd7 {[%cal Bb8d7,Bd7f6,Bf6e4][%mdl 32]} 8. c4 {The position is equal.} c6 9. Qc2 Bd6 10. Nc3 Ndf6 {[#]} 11. h3 $146 ({Predecessor:} 11. Ne5 Nxc3 12. Bxc3 Bxd3 13. Qxd3 O-O 14. Rad1 Qc7 15. Bb2 Rad8 16. Qe2 Rfe8 17. Kh1 {½-½ (95) Ageichenko,G (2407)-Kosintseva,T (2475) Moscow 2005}) 11... Nxc3 12. Bxc3 Ne4 13. Bb2 O-O 14. Nd2 {[%cal Rd2e4]} Qh4 15. f4 {[%cal Rd2e4]} Qg3 16. Rf3 Qg6 {aiming for ...Nxd2.} 17. Bxe4 dxe4 18. Rf2 Qg3 19. Re1 (19. Nf1 $5 {[%cal Rf1g3]} Qh4 20. Nd2 $11) 19... h5 20. Nf1 (20. Nxe4 $2 Qg6 $19) 20... Qh4 21. g4 Bh7 (21... hxg4 $11 22. hxg4 Bxg4 23. Qxe4 Bh3) 22. Ree2 $14 (22. c5 Bxf4 23. Rxf4 (23. exf4 $2 e3 $19 {[%mdl 64] Discovered Attack}) 23... Qxe1 $15) 22... f6 (22... Qxh3 $2 23. Rh2 $18) (22... hxg4 23. hxg4 Bg6 24. Rh2 $16) 23. Rg2 e5 (23... Qxh3 $2 24. Rg3 $18) (23... g5 $14) 24. dxe5 $16 fxe5 25. gxh5 (25. Bxe5 Bxe5 26. fxe5 Rf3 $15) (25. f5 $16) 25... Qxh3 $2 (25... Bf5 $1 $11) 26. c5 $18 (26. Bxe5 Bxe5 27. Rg3 Qh4 $11) 26... Bc7 27. Qc4+ (27. Bxe5 Bxe5 28. Rg3 Qh4 $11) 27... Kh8 (27... Rf7 {is a better defense.} 28. Rg3 (28. Bxe5 Bxe5 29. Rg3 Qd7 $16) 28... Qd7) 28. Rg3 Qd7 29. h6 ({Worse is} 29. Bxe5 Bxe5 30. fxe5 Qd1 $11) (29. Rd2 $18 Qe8 30. Rdg2) 29... gxh6 $16 30. fxe5 (30. Rd2 $16 Qf5 31. Rgg2) 30... Qf5 $1 $11 {[%csl LRe5,LRf1][%mdl 64] Double Attack} 31. e6+ Be5 32. Bxe5+ Qxe5 33. Reg2 Rad8 {White must now prevent ...Rd1.} 34. Rg7 {Threatens to win with e7!} Rd1 ({Not} 34... Qxg7 $2 35. Rxg7 Kxg7 36. e7 $18) ({Black should try} 34... Rde8 $11) 35. e7 $40 {[%mdl 128] White attacks.} ({White should play} 35. Rf7 $14 Rxf7 36. exf7) 35... Rdxf1+ 36. Qxf1 Rxf1+ 37. Kxf1 Qe6 38. b4 {Kg1 is the strong threat.} h5 $2 {[%mdl 8192]} (38... Qe5 $11 39. Kg1 Qh5) 39. Kg1 $1 $18 h4 40. Kh2 $2 ({White must play} 40. R2g5 $18 {And now a4 would win.} a6 41. Rg2) 40... Qe5+ (40... h3 $5 {[%cal Rh3g2]} 41. R2g5 b6 42. cxb6 axb6 $11) 41. Kh3 $2 (41. Kg1 $11 Qe6 42. R2g5) 41... Qe6+ $2 (41... Bf5+ $1 $19 42. Kxh4 Bd7) 42. Kh2 $11 a6 $2 {[%mdl 8192]} (42... h3 $11 43. R2g5 Qxa2+ 44. Kxh3 Qe6+ 45. Kh4 b6 46. e8=Q+ Qxe8 47. Rxa7 Qf8 48. cxb6 Qh6+ 49. Kg4 Qf8) 43. R2g5 $18 Qxa2+ 44. Kh3 (44. Kh1 $142 Qe6 45. Kg1) 44... Qe6+ 45. Kxh4 {[#]} Qh6+ $2 {[%mdl 8192]} (45... b6 $1 $11 46. cxb6 Qh6+ {[%mdl 64] Double Attack} 47. Rh5 Qf6+ 48. Rhg5 Qh6+ 49. Kg4 Qe6+ 50. Kg3 Qd6+ {[%mdl 64] Double Attack} 51. Kh4 Qh6+ {[%mdl 64] Double Attack}) 46. Kg4 $2 (46. Kg3 $18 Qe6 47. Kg2 Qa2+ 48. Kh1 Qa1+ 49. Kh2 Qa2+ 50. Rg2) 46... Qe6+ $11 47. Kg3 {[#]} Qd7 $2 {[%mdl 8192]} (47... b6 $1 $11 48. cxb6 Qd6+ {[%mdl 64] Double Attack} 49. Kg2 Qd2+ {[%mdl 64] Double Attack} 50. Kh1 Qd1+ 51. Kg2 Qf3+ 52. Kh2 Qe2+ 53. Rg2 Qh5+ 54. Kg1 Qd1+ 55. Kf2 Qd2+ 56. Kf1 Qd1+ 57. Kf2 Qf3+ 58. Kg1 Qd1+ 59. Kh2 Qh5+ 60. Kg1 Qd1+) 48. Rf7 {White mates.} Qc7+ 49. Kg2 Qd7 50. Rf8+ Bg8 51. Rfxg8+ Kh7 52. e8=Q {[%csl Ge8][%cal Rg8h8]} Qd2+ 53. Kh1 {[%csl Ge8][%cal Rg8h8]} Qe1+ 54. Rg1 {[%csl Ge8][%cal Rg8h8]} Qh4+ 55. Kg2 {[%csl Gg8][%cal Re8g6]} Qg3+ 56. Rxg3 {Weighted Error Value: White=0.54/Black=0.40} 1-0